|
|
|
|
| LEADER |
00000nab a2200000 a 4500 |
| 001 |
vtls000203950 |
| 003 |
SK-MaSNL |
| 005 |
20260302204102.0 |
| 008 |
220422c1984 xo 0 slo |
| 015 |
|
|
|a SNBRA19rr/mm-uuuuu
|
| 035 |
|
|
|a CL0214063
|
| 040 |
|
|
|a SNKBUCL
|b slo
|c SNKBUCL
|e AACR2
|
| 041 |
0 |
|
|a slo
|
| 044 |
|
|
|a xo
|c SK
|
| 080 |
|
|
|a 026:61(437.1)
|2 1981
|
| 080 |
|
|
|a 61(437.1)
|2 1981
|
| 080 |
|
|
|a 025.22
|2 1981
|
| 100 |
1 |
|
|a Ullmannová, Renata
|4 aut
|9 514034
|
| 245 |
1 |
0 |
|a Plánovité doplňování primárních biomedicinských fondu v odvětvovém systému Vědeckých lékařských informací
|c Renata Ullmannová
|
| 650 |
0 |
7 |
|a informačné strediská
|2 snkbucl
|9 63914
|
| 650 |
0 |
7 |
|a zdravotníctvo
|2 snkbucl
|9 1269
|
| 650 |
0 |
7 |
|a knižničné fondy
|2 snkbucl
|9 1300
|
| 655 |
|
7 |
|a články zo zborníkov
|2 snkbucl
|9 166140
|
| 655 |
|
7 |
|a články z odboru knihovníctvo
|2 snkbucl
|9 166141
|
| 773 |
0 |
|
|t Dni vedeckých informácií v zdravotníctve 84
|d Bratislava : ÚVZI, 1984
|
| 850 |
|
|
|a Slovenská národná knižnica v Martine
|a MTA001
|
| 852 |
|
|
|a SNK
|b KIS3GCP
|
| 958 |
|
|
|a RK
|
| 958 |
|
|
|a ME
|
| 958 |
|
|
|a KL
|
| 992 |
|
|
|a RZB
|
| 999 |
|
|
|c 1471821
|d 1473751
|